| 000 | 00895cam a2200289 i 4500 | ||
|---|---|---|---|
| 001 | 66240 | ||
| 003 | TR-AnTOB | ||
| 005 | 20240806091237.0 | ||
| 008 | 960224s1961 tu d 000 0 tur | ||
| 040 |
_aTR-AnTOB _beng _erda _cTR-AnTOB |
||
| 041 | 0 |
_atur _aota |
|
| 050 |
_aKKX2067 _b.A53 1961 |
||
| 090 |
_aKKX2067 _b.A53 1961 |
||
| 245 | 0 | 0 |
_aAnayasa sözlüğü : _b(Türkçe-Osmanlıca, Osmanlıca-Türkçe) / _chazırlayan: Ömer Asım Aksoy. |
| 250 | _a3. bs. | ||
| 264 | 1 |
_aAnkara : _bTürk Dil Kurumu, _c1961. |
|
| 300 |
_a93 pages ; _c16 cm |
||
| 336 |
_2rdacontent _atext _btxt |
||
| 337 |
_2rdamedia _aunmediated _bn |
||
| 338 |
_2rdacarrier _avolume _bnc |
||
| 490 | 0 |
_aTürk Dil Kurumu yayınları ; _v187 |
|
| 650 |
_aAnayasa hukuku _zTürkiye _vSözlükler _938758 |
||
| 700 | 1 |
_aAksoy, Ömer Asım _eeditor _9107016 |
|
| 902 | _amç | ||
| 942 |
_2lcc _cBK |
||
| 999 |
_c66240 _d17625 |
||